Score 0/19 Timer 03:00
0 Plays Today
Clue Answer % Correct
'Thou _____ not steal'Shalt
89.3%
Parts of applesCores
85.2%
Use your noggin!Think
85.1%
Singing TaylorSwift
81.8%
Keyboard buttonShift
80.9%
The obese may have two of theseChins
78.6%
Pence or penniesCoins
76.9%
Richard Roundtree roleShaft
75%
Adds water to gravy or soupThins
74.3%
Toes' woesCorns
74%
Clue Answer % Correct
Gives a hootCares
73.4%
Layered sedimentary rockShale
69.8%
AcknowledgeThank
67.4%
Butcher's cut of lambShank
67.3%
Allotment or portionShare
64.5%
San Jose hockey playerShark
61.4%
Singing TaylorJames
42.4%
Shipping weightsTares
38.2%
Breaks, like a horseTames
33.2%

Today's Daily Dose

You're not logged in!

Compare scores with friends on all Sporcle quizzes.
OR
Log In

Sporcle TV

Today on Sporcle TV


Watch our educational content, quiz creation guides, and fun videos on Sporcle TV.

Show Comments

Extras

Top Quizzes Today


Score Distribution

Your Account Isn't Verified!

In order to create a playlist on Sporcle, you need to verify the email address you used during registration. Go to your Sporcle Settings to finish the process.

Report this User

Report this user for behavior that violates our Community Guidelines.

Details: